NBA team quizzes Sacramento Kings - Statistics

General Stats
  • This quiz has been taken 15 times
  • The average score is 9 of 14
Answer Stats
Hint Answer % Correct
how many finals appearances do they have 1
93%
scoring leader Oscar Robertson
93%
how many rings do they have 1
86%
how many jerseys have they retired 10
86%
assist leader Oscar Robertson
86%
when was their most recent ring (say never if they didn't get one) 1951
71%
when did it end 2023
71%
who was the most recent jersey retirement (say none if they didn't retire any) Peja Stojakovic
71%
what number did Oscar Robertson wear for the kings 14
64%
how long was the Kings playoff drought in seasons 16
64%
when did the drought start 2007
57%
rebounds leader Sam Lacey
29%
steals leader Sam Lacey
29%
blocks leader Sam Lacey
29%
No matching quizzes found
Score Distribution
Percent of People with Each Score
Percentile by Number Answered
Your Score History
You have not taken this quiz